Statistics for NCAA College Teams by State: New York

Click here to take the quiz!

General Stats

  • This quiz has been taken 31 times
  • The average score is 38 of 97

Answer Stats

% Correct
Division I-ABuffaloBulls
96%
Division I-ASyracuseOrange
96%
Division I-AArmyBlack Knights
88%
Division I-AAAlbanyGreat Danes
81%
Division I-AACornellBig Red
77%
Division I-AALIUSharks
77%
Division I-AASaint John'sRed Storm
77%
Division I-AABinghamtonBearcats
73%
Division I-AAColumbiaLions
73%
Division I-AAManhattanJaspers
73%
Division I-AAFordhamRams
69%
Division I-AASaint BonaventureBonnies
69%
Division I-AAStony BrookSeawolves
69%
Division I-AAIonaGaels
65%
Division IIINYUViolets
65%
Division I-AAHofstraPride
62%
Division I-AAMaristRed Foxes
58%
Division I-AANiagaraPurple Eagles
58%
Division IIIRochesterYellow Jackets
58%
Division I-AACanisiusGolden Griffins
54%
Division I-AAColgateRaiders
54%
Division I-AASienaSaints
54%
Division IIIBrooklynBulldogs
50%
Division IIIGeneseoKnights
50%
Division IIIIthacaBombers
46%
Division IIQueens CollegeKnights
46%
Division IIStaten IslandDolphins
46%
Division I-AAWagnerSeahawks
46%
Division IIICortlandRed Dragons
42%
Division IIINew PaltzHawks
42%
Division IIIOneontaRed Dragons
42%
Division IIIRITTigers
42%
Division IISaint RoseGolden Knights
42%
Division IIIUnion CollegeGarnet Chargers
42%
Division IIIUticaPioneers
42%
Division IIIBrockportGolden Eagles
38%
Division IIIFredoniaBlue Devils
38%
Division IIIHunterHawks
38%
Division I-AALe MoyneDolphins
38%
Division IIIRPIEngineers
38%
Division IIISkidmoreThoroughbreds
38%
Division IIIVassarBrewers
38%
Division IIIYeshivaMaccabees
38%
Division IIICCNYBeavers
35%
Division IIPaceSetters
35%
Division IIIPotsdamBears
35%
Division IIIPurchasePanthers
35%
Division IIAdelphiPanthers
31%
Division IIIAlfredSaxons
31%
Division IIIBaruchBearcats
31%
Division IIIBuffalo StateBengals
31%
Division IIIHamiltonContinentals
31%
Division IIIKeukaWolves
31%
Division IIIMount Saint MaryKnights
31%
Division IISaint Thomas AquinasSpartans
31%
Division IIIBardRaptors
27%
Division IIDominicanChargers
27%
Division IIIElmiraSoaring Eagles
27%
Division IIIHoughtonHighlanders
27%
Division IIIJohn JayBloodhounds
27%
Division IIIManhattanvilleValiants
27%
Division IIMercyMavericks
27%
Division IIMolloyLions
27%
Division IIRoberts WesleyanRedhawks
27%
Division IIISaint Joseph's (Brooklyn)Bears
27%
Division IIISaint Joseph's (Long Island)Golden Eagles
27%
Division IIISaint LawrenceSaints
27%
Division IIIAlfred StatePioneers
23%
Division IIIClarksonGolden Knights
23%
Division IIDaemenWildcats
23%
Division IID'YouvilleSaints
23%
Division IIIHilbertHawks
23%
Division IIIMerchant MarineMariners
23%
Division IIINazarethGolden Flyers
23%
Division IIIOld WestburyPanthers
23%
Division IIIOswego StateLakers
23%
Division IIISaint John FisherCardinals
23%
Division IIISarah LawrenceGryphons
23%
Division IIISUNY CantonKangaroos
23%
Division IIISUNY CobleskillFighting Tigers
23%
Division IIISUNY MaritimePrivateers
23%
Division IIIWellsExpress
23%
Division IIICazenoviaWildcats
19%
Division IIIFarmingdale StateRams
19%
Division IIIHartwickHawks
19%
Division IIIHobartStatesmen
19%
Division IIILehmanLightning
19%
Division IIIMedgar EversCougars
19%
Division IIIMorrisville StateMustangs
19%
Division IIIMount Saint VincentDolphins
19%
Division IIIPlattsburgh StateCardinals
19%
Division IIIPrattCannoneers
19%
Division IIIRussell SageGators
19%
Division IIISUNY DelhiBroncos
19%
Division IIISUNY PolyWildcats
19%
Division IIIWilliam SmithHerons
19%
Division IIIYorkCardinals
19%

Score Distribution

Percentile by Number Answered

Percent of People with Each Score

Your Score History

You have not taken this quiz